书目信息 |
| 题名: |
物业电工上岗技能一读通
|
|
| 作者: | 徐第 主编 | |
| 分册: | ||
| 出版信息: | 北京 机械工业出版社 2014 |
|
| 页数: | 232页 | |
| 开本: | 21cm | |
| 丛书名: | ||
| 单 册: | ||
| 中图分类: | TU85 | |
| 科图分类: | ||
| 主题词: | 建筑安装--电工--基本知识 , 建筑安装 , 电工 | |
| 电子资源: | ||
| ISBN: | 978-7-111-44524-1 | |
| 000 | 01050nam0 2200241 450 | |
| 001 | 141928 | |
| 005 | 20141111150305.96 | |
| 010 | @a978-7-111-44524-1@dCNY 29.80 | |
| 100 | @a20140114d2014 em y0chiy50 ea | |
| 101 | 0 | @achi |
| 102 | @aCN@b110000 | |
| 105 | @aa z 000yy | |
| 200 | 1 | @a物业电工上岗技能一读通@9wu ye dian gong shang gang ji neng yi du tong@b专著@f徐第主编 |
| 210 | @a北京@c机械工业出版社@d2014 | |
| 215 | @a232页@c图@d21cm | |
| 330 | @a本书从认知的角度介绍了电是什么、小区的电从哪里来、物业电工干什么这三部分内容。内容涉及电的基本知识、电路基本规律、触电急救、安全用电常识、电气消防知识、常用仪器、仪表使用知识、常用工具的使用知识、电气施工图读识、变配电室、 小区配电线路、室内配电线路、配电箱、灯具、开关、插座、其他电器、小区动力设备、电话设备、电视设备、综合布线施工、消防设备、安防设备、防雷接地、电梯基本知识等。 | |
| 606 | 0 | @a建筑安装@x电工@x基本知识 |
| 606 | 0 | @a建筑安装 |
| 606 | 0 | @a电工 |
| 690 | @aTU85@v5 | |
| 701 | 0 | @a徐第@9xu di@c(高级讲师)@4主编 |
| 801 | 0 | @aCN@bZL@c20141111 |
| 905 | @a241430@dTU85@eX693 | |
| 物业电工上岗技能一读通/徐第主编.-北京:机械工业出版社,2014 |
| 232页:图;21cm |
| ISBN 978-7-111-44524-1:CNY 29.80 |
| 本书从认知的角度介绍了电是什么、小区的电从哪里来、物业电工干什么这三部分内容。内容涉及电的基本知识、电路基本规律、触电急救、安全用电常识、电气消防知识、常用仪器、仪表使用知识、常用工具的使用知识、电气施工图读识、变配电室、 小区配电线路、室内配电线路、配电箱、灯具、开关、插座、其他电器、小区动力设备、电话设备、电视设备、综合布线施工、消防设备、安防设备、防雷接地、电梯基本知识等。 |
| ● |
| 相关链接 |
|
|
|
正题名:物业电工上岗技能一读通
索取号:TU85/X693
 
预约/预借
| 序号 | 登录号 | 条形码 | 馆藏地/架位号 | 状态 | 备注 |
| 1 | 0839400 | 208394003 | 建筑库201/201建筑库 53排7列5层/ [索取号:TU85/X693] | 在馆 | |
| 2 | 0839401 | 208394012 | 建筑库201/201建筑库 53排7列5层/ [索取号:TU85/X693] | 在馆 | |
| 3 | 0839402 | 208394021 | 建筑库201/201建筑库 53排7列5层/ [索取号:TU85/X693] | 在馆 |